| 000 | 00626nam a22002057a 4500 | ||
|---|---|---|---|
| 999 |
_c9246 _d9246 |
||
| 003 | AR-CdUCM | ||
| 008 | 190327b ||||| |||| 00| 0 spa d | ||
| 040 |
_aMUNICIPALIDAD PROVINCIAL DEL CUSCO _cBIBLIOTECA MUNICIPAL DEL CUSCO |
||
| 082 |
_a869.56 / _bR74 |
||
| 100 |
_aRodriguez Guillen, Jose _925324 |
||
| 245 | _aPoemas heridos / | ||
| 260 | _aArequipa : | ||
| 300 |
_a31 páginas ; _c17 cm. |
||
| 505 | _aContenido : Canto -- Arte poética -- Letras -- Poetas -- Viaje ... | ||
| 650 |
_aPoesía _9139 |
||
| 650 |
_aLiteratura _983 |
||
| 650 |
_aLiteratura latinoamericana _91143 |
||
| 942 |
_2ddc _cLIBROS |
||
| 945 | _arah | ||